Možnosti a predpoklady rozvoja vysokorýchlostnej železničnej dopravy
Perspektívy rozvoja infraštruktúry členských krajín EÚ v strednej a východnej Európe do roku 2020. Prednosti a výhody prevádzky a prepravy na vysokorýchlostnej trati (VRT). Parametre výstavby VRT - rýchlosť 350 km/hod. Riziká výstavby a prevádzky VRT. Projekt transeurópskej železničnej siete. Odporú...
Salvato in:
| Autore principale: | |
|---|---|
| Natura: | Capitolo di libro |
| Lingua: | slovacco |
| Soggetti: | |
| Tags: |
Nessun Tag, puoi essere il primo ad aggiungerne!!
|
MARC
| LEADER | 00000naa$a2200000$$$4500 | ||
|---|---|---|---|
| 001 | 0037689 | ||
| 005 | 20230825090704.0 | ||
| 041 | 0 | |a slo | |
| 044 | |a SK | ||
| 245 | 1 | 0 | |a Možnosti a predpoklady rozvoja vysokorýchlostnej železničnej dopravy |c Pavel Škalda |
| 520 | |a Perspektívy rozvoja infraštruktúry členských krajín EÚ v strednej a východnej Európe do roku 2020. Prednosti a výhody prevádzky a prepravy na vysokorýchlostnej trati (VRT). Parametre výstavby VRT - rýchlosť 350 km/hod. Riziká výstavby a prevádzky VRT. Projekt transeurópskej železničnej siete. Odporúčanie pre ďalší postup prípravy výstavby VRT. | ||
| 610 | 2 | 0 | |a doprava železničná |
| 610 | 2 | 0 | |a infraštruktúra |
| 610 | 2 | 0 | |a SVE |
| 610 | 2 | 0 | |a preprava |
| 610 | 2 | 0 | |a prevádzka dopravy |
| 610 | 2 | 0 | |a siete železničné |
| 610 | 2 | 0 | |a projekty |
| 610 | 2 | 0 | |a Európa |
| 100 | 1 | |a Škalda, Pavel | |